Statistiques concernant Personnages de fiction en images - Y

Cliquez ici pour prendre le quiz!

Statistiques générales

  • Ce quiz a été pris 14 172 fois
  • Le résultat moyen est 7 sur 16

Statistiques - réponses

Réponse% Correct
Yoda
99%
Yoshi
93%
Yéti
88%
Yakari
86%
Yugi Muto
59%
Yamcha
37%
Yveltal
31%
Ymir
28%
Yondu Udonta
24%
Yugo
21%
Yumi Ishiyama
20%
Yvain
19%
Yoyo
18%
Yubaba
15%
Yvon
9%
Ysengrin
4%

Distribution des résultats

Percentile par nombre de réponses

% des personnes avec chaque résultat

Votre développement - résultats

Vous n’avez pas pris ce quiz